| 000 | 00980nam a2200241 i 4500 | ||
|---|---|---|---|
| 001 | bg | ||
| 245 | 1 | 0 |
_aWspólna polityka rolna Unii Europejskiej a polskie rolnictwo : _brozważania o korzyściach i kosztach / _c[koncepcja i oprac. Marian Brzóska i Iwona Nurzyńska ; Fundacja na Rzecz Rozwoju Polskiego Rolnictwa]. |
| 260 |
_aWarszawa : _bUrząd Komitetu Integracji Europejskiej, _c2002. |
||
| 300 |
_a103 s. : _bwykr. ; _c24 cm. |
||
| 490 | 1 |
_aBiblioteka Europejska ; _v21 |
|
| 650 | 9 |
_aUnia Europejska a Polska _xrolnictwo |
|
| 650 | 9 |
_aRolnictwo _xpolityka _zPolska _yod 1989 r. |
|
| 650 | 9 |
_aRolnictwo _xpolityka _xUnia Europejska |
|
| 700 | 1 |
_aBRZÓSKA, Marian. _eOprac. |
|
| 700 | 1 |
_aNURZYŃSKA, Iwona. _eOprac. |
|
| 710 | 0 | _aFundacja na Rzecz Rozwoju Polskiego Rolnictwa | |
| 830 | _aBiblioteka Europejska ; | ||
| 040 | _cBPK | ||
| 041 | 0 | _apl | |
| 080 | _a338.43(438)"1989/...":339.923(4-67)"1989/..." | ||
| 942 | _cKS | ||
| 008 | s pl f |000 0 pol | ||
| 999 |
_c41705 _d41705 |
||
| 856 |
_uhttp://koha.tu.koszalin.pl/cgi-bin/koha/opac-detail.pl?biblionumber=41705 _yKatalog online BPK |
||